Guess the Taylor Swift Song with no hints - #5 - Statistics

General Stats
  • This quiz has been taken 80 times
  • The average score is 273 of 391
Answer Stats
answers % Correct
I
100%
you
98%
you,
98%
you?"
98%
it
92%
the
92%
to
92%
me
90%
we
90%
We
90%
and
89%
And
89%
on
89%
"Do
87%
in
87%
I'm
86%
love,
86%
My
86%
when
84%
were
83%
but
81%
But
81%
then
78%
was
78%
was,
78%
go
76%
like
76%
night
76%
time
76%
know
75%
so
75%
back
73%
Back
73%
could
73%
they
73%
They
73%
don't
71%
first
71%
all
70%
did
70%
I'd
70%
very
70%
how
68%
that
68%
as
67%
this
67%
No
65%
out
65%
say
65%
at
63%
wish
63%
up
62%
Didn't
59%
didn't
59%
every
59%
never
59%
Not
57%
saw
57%
miss
56%
L.A.
54%
we'd
54%
down
52%
one
52%
Take
51%
take
51%
(Take)
51%
(take)
51%
away,
49%
away
49%
'Cause
49%
about
48%
pick
48%
fly
46%
friends
46%
much
44%
remember
44%
sky
44%
car
43%
comin'
43%
going
43%
same
43%
fall
41%
goes,
41%
both
38%
everything
38%
forget
38%
alone
37%
fell
37%
hearts
37%
read
37%
through
37%
drive
35%
hotel
35%
knows
35%
party
35%
apart
33%
broke
33%
hallway
33%
lead
33%
roads
33%
seem
33%
write
33%
children
32%
different
32%
Polaroid
32%
whisper
32%
built
30%
each
30%
other's
30%
picture
30%
quo,
30%
runnin'
30%
status
30%
weekend,
30%
weren't
30%
whispered
30%
words
30%
broken
29%
hearted
29%
tryin'
29%
phone
27%
ridin'
27%
note
24%
kitchen,
21%
chased
17%
Danced
17%
No matching quizzes found
Score Distribution
Percent of People with Each Score
Percentile by Number Answered
Your Score History
You have not taken this quiz